00607nam a2200169 i 450000100060000000300090000600500170001500700030003200800410003510000370007624500760011326000470018930000320023685200310026899900170029995201210031623371ES-MaACL20230906152847.0t|021210s1951 sp ||||1| spa d1 aAlvarez de Estrada, Juan.92075713aLa extravagancia en la pintura moderna / cpor Juan Alvarez de Estrada. aMadrid : b[s.n., c1951] (fImp. Estades) a121 p., 6 lám. ; c19 cm. aES-MaACLjD-7019 bR.31736 c23371d23371 00104070aATENEOMbATENEOMcSVId2008-01-17eSCl0oD-7019p901024077r2023-02-23 00:00:00w2023-02-23yMONOGRAFIA